| 000 | 00368nam a2200145Ia 4500 | ||
|---|---|---|---|
| 008 | 230917s9999||||xx |||||||||||||| ||und|| | ||
| 040 |
_e116302 _aMAIN |
||
| 041 | _aEnglish | ||
| 082 | _a668.1 R723S | ||
| 100 | _aRosen, Milton J | ||
| 245 | 0 | _aSurfactants and interfacial phenomena | |
| 260 |
_aNew York _bJohn Wiley _c1978 |
||
| 300 | _axiv, 303p p. | ||
| 942 | _cBK | ||
| 999 |
_c193542 _d193542 |
||